[Event "Jugend WM U20w"]
[Site "Istanbul"]
[Date "2005.11.11"]
[Round "3.25"]
[White "Gevorgyan, Irina"]
[Black "Zhang, Xiaowen"]
[Result "1/2-1/2"]
[WhiteElo "2099"]
[BlackElo "2153"]
[PlyCount "81"]
[EventDate "2005.11.??"]
[EventType "swiss"]
[EventRounds "13"]
[EventCountry "TUR"]
[Source "Reinhold Goldau"]
[SourceDate "2000.03.01"]

1. d4 Nf6 2. c4 g6 3. Nc3 Bg7 4. e4 d6 5. f3 O-O 6. Be3 c5 7. Nge2 Nc6 8. Qd2
cxd4 9. Nxd4 Nxd4 10. Bxd4 Be6 11. Be2 Qa5 12. Rc1 Rfc8 13. b3 a6 14. a4 Qb4
15. Bd1 b6 16. Ne2 Qxd2+ 17. Kxd2 Rab8 18. Bc2 Bh6+ 19. Be3 Bxe3+ 20. Kxe3 b5
21. cxb5 axb5 22. a5 Ra8 23. b4 Rc4 24. Nd4 Rxb4 25. Bd3 Bc4 26. Bxc4 bxc4 27.
Nc6 Rb3+ 28. Kd4 c3 29. Kc4 Rb2 30. Rxc3 Ra6 31. Kd3 Nd7 32. Nxe7+ Kf8 33. Nd5
Nc5+ 34. Ke3 Rxa5 35. g3 Raa2 36. h4 h5 37. Nf4 Rd2 38. Rb1 Kg7 39. Re1 f6 40.
Re2 Rxe2+ 41. Nxe2 1/2-1/2

[Event "Jugend WM U20w"]
[Site "Istanbul"]
[Date "2005.11.11"]
[Round "3.26"]
[White "Alimova, Maral"]
[Black "Hoolt, Sarah"]
[Result "1-0"]
[WhiteElo "2053"]
[BlackElo "2144"]
[PlyCount "77"]
[EventDate "2005.11.??"]
[EventType "swiss"]
[EventRounds "13"]
[EventCountry "TUR"]
[Source "Reinhold Goldau"]
[SourceDate "2000.03.01"]

1. c4 c5 2. Nf3 Nc6 3. d4 cxd4 4. Nxd4 d5 5. Nxc6 bxc6 6. g3 e6 7. Bg2 Bd6 8.
O-O Ne7 9. Re1 Bb7 10. Qc2 O-O 11. Nd2 a5 12. b3 Qb6 13. Bb2 f6 14. Nf3 Bc5 15.
e3 e5 16. Rac1 Rfc8 17. Bh3 Rd8 18. cxd5 Bb4 19. Red1 cxd5 20. a3 Bd6 21. Nd2
Bc8 22. Bxc8 Raxc8 23. Qd3 f5 24. Kg2 Qb7 25. f3 Bb8 26. Rxc8 Rxc8 27. Rc1 Re8
28. e4 f4 29. gxf4 exf4 30. Qd4 Ng6 31. Rc2 Re5 32. exd5 Rg5+ 33. Kf1 Ne5 34.
Qc5 Qa6+ 35. Nc4 Rg1+ 36. Qxg1 Ba7 37. Qg5 Qc8 38. Bxe5 g6 39. Qg4 1-0

[Event "Jugend WM U20w"]
[Site "Istanbul"]
[Date "2005.11.11"]
[Round "3.28"]
[White "Bulmaga, Irina"]
[Black "Levacic, Melissa"]
[Result "1-0"]
[WhiteElo "2122"]
[BlackElo "1993"]
[PlyCount "97"]
[EventDate "2005.11.??"]
[EventType "swiss"]
[EventRounds "13"]
[EventCountry "TUR"]
[Source "Reinhold Goldau"]
[SourceDate "2000.03.01"]

1. e4 e5 2. Nf3 Nc6 3. Bc4 Bc5 4. c3 Nf6 5. d3 a6 6. Nbd2 Ba7 7. Bb3 O-O 8. O-O
d6 9. h3 Nh5 10. Nc4 b5 11. Ne3 Nf4 12. Nd5 Ne6 13. a4 Bb7 14. axb5 axb5 15.
Be3 Bxe3 16. Nxe3 Nc5 17. Rxa8 Qxa8 18. Nh4 Ne7 19. Nef5 Nxf5 20. Nxf5 Nxb3 21.
Qxb3 Qa6 22. Re1 Bc8 23. Ne7+ Kh8 24. Nxc8 Rxc8 25. Qxf7 b4 26. cxb4 Qxd3 27.
Qd7 Rf8 28. Qe7 Kg8 29. Qxc7 Qd4 30. Rf1 Qxb4 31. Qc2 Rb8 32. Rb1 h6 33. b3 Kh7
34. Qd3 Rb6 35. Kh1 Qc5 36. Kg1 Rb4 37. Ra1 Qb6 38. Qf3 Qb7 39. Qf5+ Kh8 40.
Rc1 g6 41. Rc8+ Kh7 42. Qf8 Qg7 43. Qxd6 Rb7 44. b4 Rd7 45. Qc6 Qf7 46. Qc5 h5
47. Qxe5 Qg7 48. Qxg7+ Kxg7 49. b5 1-0

[Event "Jugend WM U20w"]
[Site "Istanbul"]
[Date "2005.11.11"]
[Round "3.29"]
[White "Dudas, Eszter"]
[Black "Umudova, Nargiz"]
[Result "1-0"]
[WhiteElo "2010"]
[BlackElo "2101"]
[PlyCount "105"]
[EventDate "2005.11.??"]
[EventType "swiss"]
[EventRounds "13"]
[EventCountry "TUR"]
[Source "Reinhold Goldau"]
[SourceDate "2000.03.01"]

1. e4 c5 2. c3 d6 3. d4 Nf6 4. Bd3 g6 5. dxc5 dxc5 6. e5 Nd5 7. Be4 Nb6 8.
Qxd8+ Kxd8 9. Na3 f5 10. Bd3 Be6 11. f4 N8d7 12. c4 a6 13. Be3 Ke8 14. Nf3 Bg7
15. O-O-O Rc8 16. Be2 h6 17. b3 Rc7 18. Nb1 Nc8 19. Nc3 Na7 20. Nd5 Rc8 21. Kb1
Nc6 22. h3 g5 23. Rhg1 Rh7 24. Bd3 Rh8 25. Bc2 Kf7 26. fxg5 Ncxe5 27. Nxe5+
Nxe5 28. Rgf1 Ke8 29. gxh6 Bxh6 30. Bxh6 Rxh6 31. Bxf5 Nc6 32. Bxe6 Rxe6 33.
Rde1 Rd6 34. g4 b5 35. Nf6+ Kd8 36. Ne4 Re6 37. cxb5 axb5 38. Nxc5 Rxe1+ 39.
Rxe1 Kc7 40. g5 e5 41. Ne4 Kd7 42. h4 Ke6 43. Nf6 Rd8 44. h5 Kf5 45. Ne4 Nd4
46. g6 Nf3 47. Re3 Kf4 48. Rxf3+ Kxf3 49. g7 Kxe4 50. h6 Kd3 51. h7 Kc3 52. Kc1
Rd2 53. g8=Q 1-0

[Event "Jugend WM U20w"]
[Site "Istanbul"]
[Date "2005.11.11"]
[Round "3.30"]
[White "Frank Nielsen, Marie"]
[Black "Raeva, Elitsa"]
[Result "1/2-1/2"]
[WhiteElo "1919"]
[BlackElo "2213"]
[PlyCount "137"]
[EventDate "2005.11.??"]
[EventType "swiss"]
[EventRounds "13"]
[EventCountry "TUR"]
[Source "Reinhold Goldau"]
[SourceDate "2000.03.01"]

1. e4 c5 2. c3 d5 3. exd5 Qxd5 4. d4 Nf6 5. Nf3 Bg4 6. Be2 e6 7. O-O cxd4 8.
cxd4 Nc6 9. Nc3 Qd8 10. Be3 Bd6 11. h3 Bh5 12. Qb3 a6 13. a3 O-O 14. Rac1 Rb8
15. Qa2 h6 16. Rfd1 Ne7 17. g4 Bg6 18. Ne5 Bh7 19. g5 Nfd5 20. gxh6 Nxe3 21.
hxg7 Nxd1 22. gxf8=Q+ Qxf8 23. Rxd1 Bxe5 24. dxe5 Qg7+ 25. Kh1 Qxe5 26. Qc4 Nf5
27. Qg4+ Kh8 28. Qh5 Qf4 29. Qf3 Qh4 30. Ne4 Rc8 31. Qg4 Qxg4 32. hxg4 Ne3 33.
Nd6 Nxd1 34. Nxc8 Nxf2+ 35. Kg2 Ne4 36. Kf3 Kg7 37. Ke3 Kf6 38. Kf4 e5+ 39. Ke3
Nc5 40. b4 Ne6 41. Bf3 b5 42. Nb6 Kg5 43. Nd7 f6 44. Bb7 Nd4 45. Bxa6 Nc2+ 46.
Kf2 Nxa3 47. Kg3 Bg8 48. Nc5 Bd5 49. Nd3 Be6 50. Nf2 Bd7 51. Ne4+ Kg6 52. Nd6
Nc2 53. Bxb5 Bxb5 54. Nxb5 Nxb4 55. Nd6 Nd5 56. Kf3 Nc3 57. Kg3 Ne2+ 58. Kf3
Nf4 59. Ne4 Ne6 60. Nd6 Ng5+ 61. Ke3 Nf7 62. Ne4 Kg7 63. Ng3 Nd6 64. Kf3 Kg6
65. Nf1 Kg5 66. Ne3 Kh4 67. Ng2+ Kh3 68. Ne3 Kh4 69. Ng2+ 1/2-1/2

[Event "Jugend WM U20w"]
[Site "Istanbul"]
[Date "2005.11.11"]
[Round "3.32"]
[White "Pavlogianni, Despina"]
[Black "Bensdorp, Laura"]
[Result "0-1"]
[WhiteElo "1989"]
[BlackElo "2090"]
[PlyCount "98"]
[EventDate "2005.11.??"]
[EventType "swiss"]
[EventRounds "13"]
[EventCountry "TUR"]
[Source "Reinhold Goldau"]
[SourceDate "2000.03.01"]

1. e4 c5 2. Nc3 Nc6 3. f4 g6 4. Nf3 Bg7 5. Bb5 Nd4 6. O-O Nxb5 7. Nxb5 d6 8. d3
Bd7 9. Nc3 e6 10. Qe1 Ne7 11. Kh1 O-O 12. f5 exf5 13. Qh4 Nc6 14. Qg3 Ne5 15.
Bf4 Re8 16. Rae1 fxe4 17. dxe4 Bc6 18. Rd1 Qe7 19. Nd5 Bxd5 20. Rxd5 Rad8 21.
Rfd1 b6 22. b3 Nc6 23. Nd2 Be5 24. c3 Qe6 25. a4 Ne7 26. Rd3 Bxf4 27. Qxf4 d5
28. Nf3 d4 29. Ng5 Qxb3 30. cxd4 Rxd4 31. Rxd4 cxd4 32. Rf1 Rf8 33. Qh4 h5 34.
Nf3 Nc6 35. Qf6 Qc4 36. Nh4 Qe6 37. Qf4 Ne5 38. h3 d3 39. Qg5 f6 40. Qh6 Qf7
41. Rg1 Qg7 42. Qe3 Rd8 43. Nf3 Nxf3 44. gxf3 Kh7 45. f4 d2 46. Rd1 Qd7 47. Qb3
Kg7 48. Kh2 Qd3 49. Qe6 Qe2+ 0-1

[Event "Jugend WM U20w"]
[Site "Istanbul"]
[Date "2005.11.11"]
[Round "3.33"]
[White "Chaumont, Adeline"]
[Black "Almer, Julia"]
[Result "1-0"]
[WhiteElo "2035"]
[BlackElo "1943"]
[PlyCount "69"]
[EventDate "2005.11.??"]
[EventType "swiss"]
[EventRounds "13"]
[EventCountry "TUR"]
[Source "Reinhold Goldau"]
[SourceDate "2000.03.01"]

1. d4 Nf6 2. c4 e6 3. Nf3 b6 4. Bg5 Bb7 5. Nc3 Bb4 6. Qc2 h6 7. Bd2 O-O 8. e3
Bxc3 9. Bxc3 Ne4 10. Bd3 f5 11. O-O-O a5 12. Be1 Na6 13. a3 Rc8 14. Qb3 c5 15.
Kb1 d6 16. Rg1 Rb8 17. Nd2 Nxd2+ 18. Rxd2 Ba8 19. f3 Qg5 20. Re2 Bxf3 21. Rf2
Ba8 22. Bd2 Qe7 23. Rgf1 Qb7 24. d5 exd5 25. Bxf5 Qe7 26. cxd5 Nc7 27. e4 Bb7
28. Qg3 Bc8 29. Bh7+ Kxh7 30. Rxf8 Qxe4+ 31. Ka1 Nxd5 32. Qxd6 Ra8 33. R8f7 Nb4
34. Rxg7+ Kxg7 35. Qxh6+ 1-0

[Event "Jugend WM U20w"]
[Site "Istanbul"]
[Date "2005.11.12"]
[Round "4.2"]
[White "Sharevich, Anna"]
[Black "Gu, Xiaobing"]
[Result "0-1"]
[WhiteElo "2305"]
[BlackElo "2330"]
[PlyCount "112"]
[EventDate "2005.11.??"]
[EventType "swiss"]
[EventRounds "13"]
[EventCountry "TUR"]
[Source "Reinhold Goldau"]
[SourceDate "2000.03.01"]

1. d4 Nf6 2. c4 c5 3. d5 b5 4. cxb5 a6 5. b6 d6 6. Nc3 g6 7. Nf3 Bg7 8. e4 Nbd7
9. Be2 Nxb6 10. O-O O-O 11. Bf4 Bg4 12. Nd2 Bxe2 13. Qxe2 Qd7 14. h3 Na4 15.
Nc4 Rab8 16. Nxa4 Qxa4 17. b3 Qb5 18. Rab1 Rfe8 19. a4 Qd7 20. Qc2 Nh5 21. Bh2
Bd4 22. Na5 e5 23. Nc6 Rb6 24. Kh1 f5 25. a5 Rb5 26. f4 exf4 27. exf5 Qxf5 28.
Qxf5 gxf5 29. Bxf4 Nxf4 30. Rxf4 Be3 31. Rc4 Re4 32. Rxe4 fxe4 33. Ne7+ Kh8 34.
Nf5 Bf4 35. g3 Be5 36. Ne3 Bxg3 37. Nc4 Rb8 38. Rb2 Bf4 39. Rf2 Rf8 40. Kg2 Kg7
41. Re2 Re8 42. Nd2 Bxd2 43. Rxd2 Kf6 44. b4 cxb4 45. Rd4 e3 46. Kf1 Rb8 47.
Ke2 b3 48. Rd1 b2 49. Rb1 Rb3 50. Kd1 Ke5 51. Kc2 Rb5 52. Kd3 Kf4 53. Ke2 Ke4
54. h4 h5 55. Rd1 Rxd5 56. Rb1 Rd2+ 0-1

[Event "Jugend WM U20w"]
[Site "Istanbul"]
[Date "2005.11.12"]
[Round "4.3"]
[White "Kadziolka, Beata"]
[Black "Pogonina, Natalija"]
[Result "1/2-1/2"]
[WhiteElo "2352"]
[BlackElo "2401"]
[PlyCount "49"]
[EventDate "2005.11.??"]
[EventType "swiss"]
[EventRounds "13"]
[EventCountry "TUR"]
[Source "Reinhold Goldau"]
[SourceDate "2000.03.01"]

1. e4 c5 2. Nf3 d6 3. d4 cxd4 4. Nxd4 Nf6 5. Nc3 g6 6. Be3 Bg7 7. f3 O-O 8. Qd2
Nc6 9. O-O-O d5 10. Nxc6 bxc6 11. Bh6 Bxh6 12. Qxh6 Rb8 13. e5 Ne8 14. h4 f6
15. h5 g5 16. Bd3 Rf7 17. Bg6 Rg7 18. Bxe8 Qxe8 19. exf6 exf6 20. Qxf6 Qe3+ 21.
Kb1 Bd7 22. Rhe1 Qf4 23. Qxf4 gxf4 24. Re2 Re8 25. Rde1 1/2-1/2

[Event "Jugend WM U20w"]
[Site "Istanbul"]
[Date "2005.11.12"]
[Round "4.5"]
[White "Dzagnidze, Nana"]
[Black "Ciobanu, Camelia"]
[Result "1-0"]
[WhiteElo "2443"]
[BlackElo "2262"]
[PlyCount "55"]
[EventDate "2005.11.??"]
[EventType "swiss"]
[EventRounds "13"]
[EventCountry "TUR"]
[Source "Reinhold Goldau"]
[SourceDate "2000.03.01"]

1. d4 Nf6 2. c4 c5 3. d5 b5 4. cxb5 a6 5. f3 e6 6. e4 exd5 7. exd5 Bd6 8. Nc3
O-O 9. Bc4 Re8+ 10. Nge2 Qc7 11. g3 Bxg3+ 12. hxg3 Qxg3+ 13. Kd2 Qxf3 14. Rf1
Qg2 15. Rg1 Qh3 16. Kc2 axb5 17. Bxb5 Na6 18. a3 Nb4+ 19. axb4 Rxa1 20. bxc5
Re5 21. Qd4 d6 22. cxd6 Bf5+ 23. Bd3 Nxd5 24. Rxg7+ Kf8 25. Rg3 Rxc1+ 26. Kxc1
Qf1+ 27. Kd2 Nxc3 28. Qxe5 1-0

[Event "Jugend WM U20w"]
[Site "Istanbul"]
[Date "2005.11.12"]
[Round "4.7"]
[White "Khotenashvili, Bela"]
[Black "Mongontuul, Bathuyag"]
[Result "1-0"]
[WhiteElo "2288"]
[BlackElo "2408"]
[PlyCount "75"]
[EventDate "2005.11.??"]
[EventType "swiss"]
[EventRounds "13"]
[EventCountry "TUR"]
[Source "Reinhold Goldau"]
[SourceDate "2000.03.01"]

1. e4 c5 2. b3 Nc6 3. Bb2 e6 4. Nc3 Nf6 5. f4 d5 6. e5 Nd7 7. Nf3 a6 8. a4 Be7
9. Qe2 Qc7 10. d3 Rb8 11. g3 O-O 12. Bg2 b5 13. axb5 axb5 14. O-O b4 15. Nd1
Nb6 16. Ne3 Bd7 17. Ng4 Qd8 18. h4 f5 19. exf6 Bxf6 20. Be5 Nxe5 21. Nfxe5 Bb5
22. Ra7 Nc8 23. Ra2 Nd6 24. h5 Nf5 25. Qf2 Qe7 26. Rfa1 Rb7 27. Ra5 Be8 28. h6
Bh5 29. Nxf6+ gxf6 30. Nc6 Qd6 31. Ra6 Qd7 32. Bh3 Bg6 33. Bxf5 Bxf5 34. Qxc5
Rc7 35. Ra8 Rfc8 36. Qe7 e5 37. Qxf6 Qf7 38. Qd8+ 1-0

[Event "Jugend WM U20w"]
[Site "Istanbul"]
[Date "2005.11.12"]
[Round "4.9"]
[White "Harika, Dronavalli"]
[Black "Paridar, Shadi"]
[Result "1/2-1/2"]
[WhiteElo "2392"]
[BlackElo "2237"]
[PlyCount "71"]
[EventDate "2005.11.??"]
[EventType "swiss"]
[EventRounds "13"]
[EventCountry "TUR"]
[Source "Reinhold Goldau"]
[SourceDate "2000.03.01"]

1. Nf3 d5 2. d4 e6 3. c4 c5 4. cxd5 exd5 5. g3 Nc6 6. Bg2 Nf6 7. O-O Be7 8. Nc3
O-O 9. Bg5 cxd4 10. Nxd4 h6 11. Be3 Re8 12. Rc1 Bg4 13. h3 Be6 14. Ncb5 Qd7 15.
Kh2 Nxd4 16. Nxd4 Bd6 17. Qd3 a6 18. Bf4 Bxf4 19. gxf4 Ne4 20. Rcd1 Qc7 21. e3
Bd7 22. Bxe4 dxe4 23. Qd2 Re7 24. Rg1 Qc5 25. Qe2 Kh7 26. Rc1 Qa5 27. a3 Rc8
28. Rcd1 Qb6 29. Rg3 Qf6 30. Rdg1 g6 31. Qd2 Rc5 32. Qd1 a5 33. b3 Qh4 34. Qf1
Rh5 35. Qg2 Qf6 36. Rc1 1/2-1/2

[Event "Jugend WM U20w"]
[Site "Istanbul"]
[Date "2005.11.12"]
[Round "4.11"]
[White "Nadig, Kruttika"]
[Black "Guseva, Marina"]
[Result "1-0"]
[WhiteElo "2224"]
[BlackElo "2363"]
[PlyCount "65"]
[EventDate "2005.11.??"]
[EventType "swiss"]
[EventRounds "13"]
[EventCountry "TUR"]
[Source "Reinhold Goldau"]
[SourceDate "2000.03.01"]

1. e4 c5 2. Nf3 Nc6 3. d4 cxd4 4. Nxd4 Nf6 5. Nc3 e5 6. Ndb5 d6 7. Bg5 a6 8.
Na3 b5 9. Bxf6 gxf6 10. Nd5 Bg7 11. Bd3 Ne7 12. Nxe7 Qxe7 13. O-O O-O 14. c4 f5
15. Qf3 d5 16. cxd5 fxe4 17. Bxe4 Qd7 18. d6 Rb8 19. Rad1 Rb6 20. Qc3 Rxd6 21.
Bf5 Qd8 22. Rxd6 Qxd6 23. Nxb5 axb5 24. Bxc8 e4 25. Qh3 Qd5 26. Bf5 h6 27. b3
Re8 28. Qg4 Re5 29. Rd1 Qa8 30. Rc1 Re8 31. Bd7 Qa3 32. Rc2 Re5 33. Rc8+ 1-0

[Event "Jugend WM U20w"]
[Site "Istanbul"]
[Date "2005.11.12"]
[Round "4.12"]
[White "Aketaeva, Dana"]
[Black "Khukhashvili, Sopiko"]
[Result "1/2-1/2"]
[WhiteElo "2256"]
[BlackElo "2362"]
[PlyCount "96"]
[EventDate "2005.11.??"]
[EventType "swiss"]
[EventRounds "13"]
[EventCountry "TUR"]
[Source "Reinhold Goldau"]
[SourceDate "2000.03.01"]

1. e4 c5 2. Nf3 e6 3. d4 cxd4 4. Nxd4 a6 5. Bd3 Qc7 6. O-O Bd6 7. Kh1 Nc6 8.
Nxc6 dxc6 9. f4 e5 10. f5 Nf6 11. Bg5 Be7 12. a4 h6 13. Bh4 b6 14. Qe1 Bb7 15.
Nd2 c5 16. b3 Rd8 17. Nf3 O-O 18. Qe2 a5 19. Rae1 Bc6 20. Rg1 Nh7 21. Bg3 Bf6
22. h4 g6 23. Qe3 g5 24. Ref1 Qe7 25. h5 Bg7 26. Qe2 Rd6 27. Nd2 Rd7 28. Nc4
Rb7 29. Rf2 Bf6 30. Ne3 Rd8 31. Ng4 Kg7 32. Rff1 Rd4 33. Rf3 Rbd7 34. Bf2 R4d6
35. Be1 Rc7 36. Bc3 Rd8 37. Qe1 Re8 38. Qa1 Qd6 39. Rd1 Rd7 40. Rdf1 Qc7 41.
R3f2 Rdd8 42. Qe1 Nf8 43. Qe3 Nd7 44. Re2 Qb7 45. Nf2 Be7 46. Bc4 f6 47. Rd1
Qc7 48. Bb2 Nb8 1/2-1/2

[Event "Jugend WM U20w"]
[Site "Istanbul"]
[Date "2005.11.12"]
[Round "4.13"]
[White "Mamedjarova, Turkan"]
[Black "Purtseladze, Maka"]
[Result "1-0"]
[WhiteElo "2223"]
[BlackElo "2338"]
[PlyCount "59"]
[EventDate "2005.11.??"]
[EventType "swiss"]
[EventRounds "13"]
[EventCountry "TUR"]
[Source "Reinhold Goldau"]
[SourceDate "2000.03.01"]

1. d4 Nf6 2. Nf3 e6 3. e3 c5 4. Be2 b6 5. O-O Bb7 6. b3 Be7 7. Bb2 O-O 8. Nbd2
Nc6 9. Re1 Rc8 10. c4 cxd4 11. exd4 d5 12. a3 Rc7 13. b4 dxc4 14. Nxc4 Nd5 15.
b5 Nb8 16. Rc1 a6 17. bxa6 Bxa6 18. Nce5 Rxc1 19. Qxc1 Qc8 20. Bxa6 Qxa6 21. g3
Rc8 22. Qb1 Nc6 23. Nxf7 Kxf7 24. Qe4 Nd8 25. Qxh7 Bf6 26. g4 Nf4 27. Re4 Qb5
28. Rxf4 Qxb2 29. Ng5+ Ke7 30. Rxf6 1-0

[Event "Jugend WM U20w"]
[Site "Istanbul"]
[Date "2005.11.12"]
[Round "4.14"]
[White "Vasilevich, Irina"]
[Black "Raghavi, N."]
[Result "1-0"]
[WhiteElo "2389"]
[BlackElo "2104"]
[PlyCount "57"]
[EventDate "2005.11.??"]
[EventType "swiss"]
[EventRounds "13"]
[EventCountry "TUR"]
[Source "Reinhold Goldau"]
[SourceDate "2000.03.01"]

1. d4 d5 2. c4 e6 3. Nc3 Nf6 4. cxd5 exd5 5. Bg5 Be7 6. e3 c6 7. Bd3 O-O 8. Qc2
Nbd7 9. Nf3 Re8 10. O-O h6 11. Bf4 Nf8 12. Rab1 Be6 13. b4 N8d7 14. h3 Rc8 15.
Rfc1 Bf8 16. a4 Qb6 17. a5 Qd8 18. Na4 b5 19. axb6 axb6 20. Ba6 Ra8 21. Bb7 Bf5
22. Qxf5 Rxa4 23. Bxc6 g6 24. Qc2 Rxb4 25. Rxb4 Bxb4 26. Ne5 Qe7 27. Qa4 Rd8
28. Bxd7 Nxd7 29. Nc6 1-0

[Event "Jugend WM U20w"]
[Site "Istanbul"]
[Date "2005.11.12"]
[Round "4.15"]
[White "Karavade, Eesha"]
[Black "Bashkite, Viktoria"]
[Result "1-0"]
[WhiteElo "2348"]
[BlackElo "2173"]
[PlyCount "33"]
[EventDate "2005.11.??"]
[EventType "swiss"]
[EventRounds "13"]
[EventCountry "TUR"]
[Source "Reinhold Goldau"]
[SourceDate "2000.03.01"]

1. Nf3 Nf6 2. c4 e6 3. g3 d5 4. Bg2 dxc4 5. Qa4+ Nbd7 6. Qxc4 a6 7. Qc2 c5 8.
O-O Rb8 9. d4 Bd6 10. dxc5 Nxc5 11. Nc3 Qc7 12. Rd1 Nce4 13. Qd3 Nxc3 14. bxc3
Ke7 15. Qxd6+ Qxd6 16. Rxd6 Nd5 17. Ba3 1-0

[Event "Jugend WM U20w"]
[Site "Istanbul"]
[Date "2005.11.12"]
[Round "4.16"]
[White "Zhang, Jilin"]
[Black "Gregorova, Zuzana"]
[Result "1/2-1/2"]
[WhiteElo "2334"]
[BlackElo "2183"]
[PlyCount "98"]
[EventDate "2005.11.??"]
[EventType "swiss"]
[EventRounds "13"]
[EventCountry "TUR"]
[Source "Reinhold Goldau"]
[SourceDate "2000.03.01"]

1. e4 e5 2. Nf3 Nc6 3. Bb5 a6 4. Ba4 Nf6 5. O-O Be7 6. Re1 b5 7. Bb3 d6 8. c3
O-O 9. h3 Na5 10. Bc2 c5 11. d4 Qc7 12. Nbd2 Rd8 13. d5 c4 14. Nf1 Nb7 15. Ng3
a5 16. Nh2 Nc5 17. f4 Rb8 18. Rf1 b4 19. Qf3 Rf8 20. Kh1 a4 21. cxb4 Rxb4 22.
Qc3 Rb8 23. Nf3 Nfd7 24. fxe5 Nxe5 25. Nd4 Re8 26. Nh5 Bf8 27. Bf4 Bd7 28. Rab1
Ncd3 29. Bxd3 Nxd3 30. Bh6 Re5 31. Nxg7 Bxg7 32. Bxg7 Kxg7 33. Nf3 f6 34. Nxe5
dxe5 35. b3 axb3 36. axb3 Qc8 37. Rf3 Qc5 38. Rbf1 Nf4 39. g3 Nh5 40. g4 Nf4
41. Rxf4 exf4 42. g5 cxb3 43. Qxf6+ Kg8 44. g6 Qf8 45. gxh7+ Kxh7 46. Qh4+ Qh6
47. Qe7+ Qg7 48. Qh4+ Qh6 49. Qe7+ Qg7 1/2-1/2

[Event "Jugend WM U20w"]
[Site "Istanbul"]
[Date "2005.11.12"]
[Round "4.17"]
[White "Andriasian, Siranush"]
[Black "Bulmaga, Irina"]
[Result "1-0"]
[WhiteElo "2263"]
[BlackElo "2122"]
[PlyCount "53"]
[EventDate "2005.11.??"]
[EventType "swiss"]
[EventRounds "13"]
[EventCountry "TUR"]
[Source "Reinhold Goldau"]
[SourceDate "2000.03.01"]

1. e4 c6 2. d4 d5 3. Nc3 dxe4 4. Nxe4 Bf5 5. Ng3 Bg6 6. h4 h6 7. Nf3 Nd7 8. h5
Bh7 9. Bc4 Ngf6 10. Qe2 e6 11. Bb3 Bd6 12. Bd2 Bxg3 13. fxg3 Qc7 14. Bf4 Qa5+
15. Nd2 Bf5 16. Rh4 Ne4 17. O-O-O Nxd2 18. Bxd2 Qd8 19. Rf4 O-O 20. g4 Bh7 21.
g5 hxg5 22. Rg4 f6 23. Qxe6+ Kh8 24. h6 gxh6 25. Rh1 Kg7 26. Rxg5+ Bg6 27.
Rxg6+ 1-0

[Event "Jugend WM U20w"]
[Site "Istanbul"]
[Date "2005.11.12"]
[Round "4.18"]
[White "Muhren, Bianca"]
[Black "Plazaola, Maria De Los Angele"]
[Result "0-1"]
[WhiteElo "2260"]
[BlackElo "2087"]
[PlyCount "98"]
[EventDate "2005.11.??"]
[EventType "swiss"]
[EventRounds "13"]
[EventCountry "TUR"]
[Source "Reinhold Goldau"]
[SourceDate "2000.03.01"]

1. e4 c5 2. Nf3 Nc6 3. d4 cxd4 4. Nxd4 e5 5. Nb5 d6 6. N1c3 a6 7. Na3 Be6 8.
Nc4 Rc8 9. Ne3 Nf6 10. g3 Be7 11. Bg2 O-O 12. O-O Ne8 13. Ncd5 g6 14. c3 f5 15.
exf5 gxf5 16. f4 Ng7 17. b3 Rf7 18. Nc4 Bf8 19. Ncb6 Rb8 20. Be3 Ne8 21. Qd2
Nf6 22. Nxf6+ Qxf6 23. Rad1 h5 24. Bd5 Re8 25. Rf2 Rg7 26. Rg2 Nd8 27. Kh1 Qf7
28. Bf3 Nc6 29. Rdg1 e4 30. Be2 d5 31. Rd1 Rd8 32. Qb2 Kh7 33. Rgg1 Be7 34. Bd4
Nxd4 35. cxd4 Bd7 36. a4 Be8 37. Rc1 Qf6 38. Nc8 Bb4 39. Rc2 Bd7 40. Rgc1 Qf8
41. Nb6 Ba3 42. Qc3 Bxc1 43. Rxc1 Be8 44. Qa5 Qa3 45. Qc3 h4 46. Kg2 Qd6 47. a5
Qxf4 48. Rf1 Qg5 49. Kf2 Rd6 0-1

[Event "Jugend WM U20w"]
[Site "Istanbul"]
[Date "2005.11.12"]
[Round "4.19"]
[White "Corke, Anya"]
[Black "Alimova, Maral"]
[Result "1-0"]
[WhiteElo "2222"]
[BlackElo "2053"]
[PlyCount "101"]
[EventDate "2005.11.??"]
[EventType "swiss"]
[EventRounds "13"]
[EventCountry "TUR"]
[Source "Reinhold Goldau"]
[SourceDate "2000.03.01"]

1. d4 d5 2. c4 e6 3. Nc3 Nf6 4. Bg5 Be7 5. e3 h6 6. Bh4 Nbd7 7. Nf3 O-O 8. Qc2
b6 9. cxd5 exd5 10. Bd3 c5 11. O-O Bb7 12. Rad1 c4 13. Bf5 a6 14. b3 cxb3 15.
Qxb3 b5 16. Ne5 Nb6 17. a4 b4 18. Rb1 a5 19. Nb5 Ne4 20. Bxe7 Qxe7 21. Bxe4
dxe4 22. Ng6 Qd7 23. Nxf8 Rxf8 24. Rfc1 Bd5 25. Qc2 Rc8 26. Qd1 Bc4 27. d5 Qxd5
28. Qxd5 Bxd5 29. Rxc8+ Nxc8 30. Rd1 Nb6 31. Nc7 Bb3 32. Rd8+ Kh7 33. Rb8 Nc4
34. Nd5 Bxa4 35. Nxb4 Bb3 36. Nd5 a4 37. Nc3 f5 38. Nxa4 Bxa4 39. Rb4 Nxe3 40.
fxe3 Bc2 41. Rb6 g5 42. Rf6 f4 43. exf4 gxf4 44. Rxf4 Bd3 45. Kf2 Kg6 46. Ke3
h5 47. Rxe4 Bxe4 48. Kxe4 Kg5 49. h3 Kg6 50. Ke5 Kg7 51. Kf5 1-0

[Event "Jugend WM U20w"]
[Site "Istanbul"]
[Date "2005.11.12"]
[Round "4.20"]
[White "Dudas, Eszter"]
[Black "Meshcheriakova, Evgenia"]
[Result "0-1"]
[WhiteElo "2010"]
[BlackElo "2197"]
[PlyCount "90"]
[EventDate "2005.11.??"]
[EventType "swiss"]
[EventRounds "13"]
[EventCountry "TUR"]
[Source "Reinhold Goldau"]
[SourceDate "2000.03.01"]

1. e4 c5 2. Nf3 Nc6 3. c3 e6 4. d4 d5 5. exd5 exd5 6. Bf4 c4 7. b3 cxb3 8. axb3
Bd6 9. Bxd6 Qxd6 10. Bd3 Nf6 11. O-O O-O 12. Nbd2 Bd7 13. Re1 Rfe8 14. Qc2
Rxe1+ 15. Rxe1 Rc8 16. Qb2 Qf4 17. c4 Be6 18. c5 Nb4 19. Bb1 Nd7 20. Rc1 Nb8
21. Ne5 N8c6 22. Nef3 Bf5 23. Bxf5 Qxf5 24. Rd1 Re8 25. Nf1 Re6 26. Ne3 Qf4 27.
Qc3 Re4 28. Kh1 g5 29. Nf1 g4 30. Ng3 gxf3 31. Nxe4 fxg2+ 32. Kg1 Qxe4 33. Re1
Qd3 34. Qxd3 Nxd3 35. Re8+ Kg7 36. Kxg2 Nxd4 37. Re7 Nxc5 38. b4 Nc6 39. Rc7
Na6 40. Rxb7 Naxb4 41. Kf3 a5 42. Rc7 a4 43. Rc8 a3 44. Ra8 a2 45. Ke3 a1=Q 0-1

[Event "Jugend WM U20w"]
[Site "Istanbul"]
[Date "2005.11.12"]
[Round "4.22"]
[White "Ursic, Simona"]
[Black "Ortiz, Nadya Karolina"]
[Result "1-0"]
[WhiteElo "2040"]
[BlackElo "2218"]
[PlyCount "89"]
[EventDate "2005.11.??"]
[EventType "swiss"]
[EventRounds "13"]
[EventCountry "TUR"]
[Source "Reinhold Goldau"]
[SourceDate "2000.03.01"]

1. e4 c5 2. c3 d5 3. exd5 Qxd5 4. d4 Nc6 5. Nf3 e6 6. Be2 cxd4 7. cxd4 Bb4+ 8.
Nc3 Nf6 9. O-O Bxc3 10. bxc3 O-O 11. Re1 b6 12. Bd3 Bb7 13. Bg5 Nd7 14. Qe2 Na5
15. c4 Qc6 16. Rad1 Qa4 17. Ne5 Nxe5 18. dxe5 Qc6 19. Qg4 Rfc8 20. f3 g6 21.
Qh4 Qe8 22. Bf1 Nc6 23. Rd6 Qf8 24. Red1 Re8 25. Rd7 Rab8 26. Kh1 h5 27. Qf4
Re7 28. Bh6 Rxd7 29. Rxd7 Qe7 30. Rxe7 Nxe7 31. Qd2 Nf5 32. Bg5 Bc6 33. Bd3 b5
34. Bxf5 exf5 35. cxb5 Rxb5 36. h3 Rxe5 37. Bf6 Re6 38. Qg5 Kh7 39. Bd4 a6 40.
Qd8 Be8 41. g4 fxg4 42. hxg4 a5 43. Qg5 Bc6 44. Kg2 Rd6 45. Qe5 1-0